Géographie du monde en nombres - Statistiques

Statistiques générales
  • Ce quiz a été pris 62 fois
  • Le résultat moyen est 11 sur 20
Statistiques - réponses
Indices Nombres et chiffres % Correct
Etats aux Etats-Unis 50
98%
Territoires d'Outre-Mer français (DROM-COM) 13
88%
Pays traversés par la Laponie 4
77%
Capitales d'Afrique du Sud 3
68%
Pays traversés par le Sahara 11
66%
Pays en Afrique 54
66%
Population française (en millions) 68,37 millions
66%
Pays ayant le français comme langue officielle en Europe 5
64%
Pays frontaliers avec le Brésil 10
63%
Fuseaux horaires possédant le Canada 6
63%
Population minimum d'une mégapole (en millions) 10 millions
61%
Etats reconnus par l'ONU 193
61%
Personnes sur Terre en 2025 (en milliards) 8 milliards
59%
Pays commençants par la lettre B 18
55%
Décennie durant laquelle la population mondiale est devenue majoritairement urbaine 2000
45%
Population mondiale vivant dans l'hémisphère nord (en pourcentage) 87 %
36%
Circonférence de la terre à l'équateur (en kilomètres) 40 075 kilomètres
30%
Surface de la forêt amazonienne actuellement menacée de destruction (en pourcentage) 20 %
29%
Altitude du Mont Blanc (en mètres) 4 805 mètres
29%
Communes en France 34 875
20%
Aucun quiz correspondant
Distribution des résultats
% des personnes avec chaque résultat
Percentile par nombre de réponses
Votre historique - résultats
Vous n’avez pas pris ce quiz